000 00535nam a2200145Ia 4500
008 100204s9999 xx 000 0 und d
082 _b1306
100 _aवैद्य ब. ल.
245 _aआरोग्यासाठी योगासने
260 _b"मॅजेस्टिक प्रकाशन , मुंबई"
_c1977
300 _a119
630 _aआरोग्यासाठी योगासने
730 _aआरोग्यासाठी योगासने
942 _cBOOK
999 _c446473
_d446470